000 00571nam a2200229Ia 4500
003 OSt
005 20220924150713.0
006 a|||||r|||| 00| 0
007 ta
008 220923b |||||||| |||| 00| 0 tel d
024 _a334256
037 _cTextual
040 _aARTS
_cARTS
_btel
041 _2tel
_atel
082 _aO35,2NHA,1, K4
100 _aRao Hanumanth
_9222727
245 0 _aKariginakala
260 _c1964
650 _aTELUGU DRAMA
_9173432
942 _hO35,2NHA,1, K4
_cTEXL
_2CC
999 _c464228
_d464228